000
00333 a2200145 4500
001
50209
040
_c
Anchieta - Bela Vista
100
_a
Anchietinha Bela Vista
240
1
0
_a
As fantásticas aventuras
_l
por
245
1
0
_a
As fantásticas aventuras
300
_a
25
362
0
_a
2011
650
4
_a
Literatura juvenil
942
_c
BK
999
_c
50209
_d
50209